000 00483nam a2200157 a 4500
001 000030473
005 20200930062330.0
008 110518nuuuuuuuudr d 000 | spa d
040 _aDO-SdBNP
_bspa
_cBNPHU
082 _axxx
_bB213i
110 2 _aBanco Nacional de la Vivienda
_957099
245 1 0 _aInformación básica sobre el sistema de ahorros y prestamos.
260 _a[Santo Domingo] :
_bImpresora Margarita,
_c[19--?].
300 _a16 p. :
_bdiagr. ;
_c22 cm.
049 _aBNPD
999 _c29965
_d29965